000 00762nam a2200205 i 4500
001 110809
003 ES-MaACL
007 t|
008 070126s1917 sp ||||1| spa d
080 _a351.85:37(094.4)
100 1 _aUbierna y Eusa, José Antonio
_9111838
245 1 0 _aDe la función docente del Estado
_b: legislación vigente en España /
_cpor José Antonio Ubierna y Eusa.
260 _aMadrid :
_bHijos de Reus,
_c1917.
300 _a559 p. ;
_c23 cm.
490 1 _aBiblioteca jurídica de autores españoles y extranjeros ;
_v28
650 1 4 _aEnseñanza-
_xLegislación-
_zEspaña.
_912292
830 0 _aBiblioteca jurídica de autores españoles y extranjeros ;
_v28
_9182228
852 _aES-MaACL
_jE-3049
999 _c110809
_d110809